000 00877nam a22002417a 4500
005 20100602111452.0
008 100602t xxu||||| |||| 00| 0 eng d
010 _aENG-96255
020 _a9780070670587
_c225.00
035 _aEN-79788
037 _bDBAD/PUB
040 _aDPL
_bENG
082 _a350
100 _aVikram Singh
_921726
245 _aPublic administration:
_b2000 terms & concepts with detailed explaination /
_cby Vikram Singh
260 _aNew Delhi
_bTata McGraw Hill
_c2010
270 _a7, West Patel Nagar
_bNew Delhi
_e110008
300 _avarious pagings :
_c22 cm (pbk)
490 _aTata McGraw-Hill's winning edge series
_91235
500 _aincludes index
942 _2ddc
_cEN
_mVIK
_h350
999 _c36466
_d36466